| 000 | 00388pam a2200157a 44500 | ||
|---|---|---|---|
| 008 | 230515b2009 xxu||||| |||| 00| 0 eng d | ||
| 020 | _aNULL | ||
| 041 | _aENGLISH | ||
| 082 | _a660.28427/GUP | ||
| 100 | _aGUPTA VIJAY | ||
| 245 | _aELEMENTS OF HEAT AND MAS TRANSFER | ||
| 250 | _a0 | ||
| 260 |
_aDELHI _bNEW AGE INTERNATIONAL (P) LIMITED _c2009 |
||
| 300 | _aXI-462 | ||
| 650 | _aNULL | ||
| 999 |
_c646740 _d646740 |
||